Polacy w Ligach zagranicznych - Statystyki

Ogólne statystyki
  • Ten quiz został rozwiązany 119 razy
  • Średni wynik to 6 z 12
Statystyki odpowiedzi
Liga Liczba Polaków % Poprawnych
Bundesliga 103
94%
Serie A 48
92%
LaLiga 22
89%
Premier League 22
89%
Ligue 1 96
80%
Eredivisie 51
45%
MLS 23
43%
Super Lig 61
41%
Premier Liga 29
20%
Jupiler Pro League 56
13%
Super League 1 81
6%
Austriacka Bundesliga 55
3%
Nie znaleziono quizów pasujących do podanych kryteriów
Rozkład punktacji
Procent ludzi z każdym wynikiem
Percentyl według liczby udzielonych odpowiedzi
Twoja historia wyników
Nie rozwiązałeś tego quizu